01967nam a22002658i 45000010018000000050017000180080041000350150019000760160018000950200040001130200029001530350018001820400031002000410012002311000029002432450142002722460051004142640036004653000022005015201013005236500011015367000031015477000075015787000048016539911676624540434120250826140354.0221006s2022 xna 000|0|eng d aGBC2I06072bnb7 a0207726472Uk a9781911668572 (hbk.)qUK :cĐ30.00 a9781922351876qAustralia a(Uk)020772647 aStDuBDSbengcStDuBDSerda aEnglish aJackson, Emeliaeauthor.10aFirst, cream the butter and sugar c/ Emelia Jackson ; editor: Justine Harding ; photographer: Armelle Habib ; illustrator: Andrea Smith.1 iAt head of titlea: Essential baking companion 1aSydney :bMurdoch Books,c2022. a1 volume ;c26 cm aMake baking your happy place. It's not so much a science; it's practice plus play, which becomes instinct and then art. And even the failures are delicious. Welcome to First, Cream the Butter and Sugar - the ultimate guide for everyone who loves cake. Whether you're here for the only choc chip cookie recipe you'll ever need, or you're setting your sights on conquering an opera cake, a raspberry passionfruit tart or becoming a choux-master, Emelia Jackson has done the homework on behalf of us all. For those who love a good homemade cake but don't love sifting flour and icing sugar (is it really necessary?) and enjoy a shortcut (do I need to wait hours for my eggs to reach room temp?), Emelia breaks down the steps that truly matter and dispenses with those that don't. Packed with advice for every level of home baker, this is the modern baking reassurance you need, whether it's the night before the birthday party or just a Sunday afternoon for baking something sweet to get you through the week. 0aBaking aHarding, Justine,eeditor. aHabib, Armelle,ephotographer.1https://isni.org/isni/0000000504846123 aSmith, Andreac(Illustrator),eillustrator.